Zur Ultrastruktur glomerulärer und peritubulärer Gefässe der Niere beim Hund /

Bibliographic Details
Main Author: Mitschek, Barbara
Format: Book
Language:German
Published: [Place of publication not identified] : [publisher not identified], 1988.

MARC

Tag First Indicator Second Indicator Subfields
LEADER 00000cam a2200000Mi 4500
001 in00004530378
005 20191205081712.0
008 900220s1988 gw a 000 0 ger d
015 |a 89,H10,2099  |2 dnb 
015 |a 89H102099  |2 dnb 
016 7 |a 891368043  |2 DE-101 
035 |a (OCoLC)ocm46082288 
035 |a (OCoLC)46082288 
035 |z (UtOrBLW)62402 
035 |a 89657 
040 |a ZXW  |b ger  |c ZXW  |d OCLCQ  |d GBVCP  |d HEBIS  |d OCLCQ  |d GWDNB  |d UtOrBLW 
049 |a TMVM 
084 |a 34  |a 630  |2 sdnb 
100 1 |a Mitschek, Barbara. 
245 1 0 |a Zur Ultrastruktur glomerulärer und peritubulärer Gefässe der Niere beim Hund /  |c Barbara Mitschek. 
264 1 |a [Place of publication not identified] :  |b [publisher not identified],  |c 1988. 
300 |a 5, 112 S :  |b illustrations, graph. Darst ;  |c 21 cm. 
336 |a text  |2 rdacontent  |b txt 
337 |a unmediated  |2 rdamedia 
338 |a volume  |2 rdacarrier  |b nc 
999 |a MARS 
999 f f |s 94bdca95-c026-3678-ad99-21ec40573ca3  |i 659c23cb-28de-3e22-8b43-359c3f9d6bb0  |t 0 
952 f f |p preservation  |a Texas A&M University  |b J.J. Pickle Campus  |c High Density Repository  |d Remote Storage  |t 0  |e German dissertations  |h Other scheme  |i unmediated -- volume  |m 3238902449517 
998 f f |a German dissertations  |t 0  |l Remote Storage